00736pam a2200241 i 4500001000800000005001700008008004100025010001700066020001500083040001800098041000800116043001200124080001400136082001700150100000700167101000800174245007100182504005100253906004500304942001200349999001700361952011600378318066920180224032056.0760907r1976 ctu b 001 0 eng  a 76044366  a0837193117 aDLCcDLCdDLC aeng an-us--- a301.4210 00a301.4210 OGB1 a50 aSOC10aTechnology and the changing family /cW. F. Ogburn, M. F. Nimkoff. aIncludes bibliographical references and index. a7bcbccorignewd1eocipf19gy-gencatlg 2ddccBK c43353d43353 00102udc40708PËKGa002b002cPËKGd2018-02-24l0o301.4210 OGBp002-2999631r2018-02-24w2018-02-24yBK